000 01028nam a2200205 i 4500
001 153476
003 ES-MaACL
005 20250603182142.0
008 930506s1864 sp |||| | spa d
100 1 _aSala Arnella, Francisco (
_dm. 1872)
_9132307
245 1 0 _aDictamen presentado a la Sección de Agricultura del Ateneo Catalán /
_cpor una Comisión de su seno encargada de estudiar el tema ¿qué medios podrían adoptarse para que no faltasen brazos en las comarcas esencialmente agrícolas? y redactado por Don Francisco Sala Arnella.
260 _aBarcelona :
_b[s.n.],
_c1864 (
_fEstab. Tip. de Narciso Ramírez)
300 _a23 p. ;
_c24 cm.
530 _aDisponible en formato digital.
651 7 _aEspaña-
_xPolítica agraria-
_yS.XIX
_2
_9143312
710 2 _aAteneo Catalán.
_91844
852 _aES-MaACL
_jT-62-F-2
_z- Enc. hol., falto de cub. original
_z- Enc. en un vol. facticio
856 _uhttp://bdh-rd.bne.es/viewer.vm?id=0000078138&page=1
_zBiblioteca Digital Hispánica
999 _c153476
_d153476